[Event "GBR-ch110 Major Open"]
[Site "Hull"]
[Date "2024.08.01"]
[Round "6.6"]
[White "Pert, Max P"]
[Black "Kumar, Sanjit S"]
[Result "1/2-1/2"]
[WhiteElo "2034"]
[BlackElo "1942"]
[PlyCount "70"]
[EventDate "2024.07.27"]
[EventType "swiss"]
[EventRounds "9"]
[EventCountry "GBR"]
[SourceTitle "BritBase"]
[Source "John Saunders"]
[SourceDate "2025.02.20"]
[SourceVersion "1"]
[SourceVersionDate "2025.02.20"]
[SourceQuality "1"]

1. d4 d5 2. c4 c6 3. Nf3 Nf6 4. Nc3 e6 5. Bg5 Nbd7 6. e3 Qa5 7. Nd2 Bb4 8. Qc2 dxc4 9. Bxf6 Nxf6 10. Nxc4 Qc7 11. Be2 c5 12. O-O Bd7 13. a3 cxd4 14. axb4 dxc3 15. Qxc3 O-O 16. Ne5 Rfc8 17. Qd4 Be8 18. Bf3 a6 19. g3 Rd8 20. Rfc1 Rxd4 21. Rxc7 Rxb4 22. Rxb7 Rxb7 23. Bxb7 Rb8 24. Bxa6 Rxb2 25. Bd3 Rb8 26. Be2 h5 27. Bf3 g6 28. Ra7 Rb5 29. Nc4 Rb1+ 30. Kg2 Bb5 31. Rb7 Rc1 32. Rxb5 Rxc4 33. h3 Kg7 34. Rb7 Ra4 35. Rb5 Ra7 1/2-1/2

[Event "GBR-ch110 Major Open"]
[Site "Hull"]
[Date "2024.08.01"]
[Round "6.7"]
[White "Dishman, Matthew"]
[Black "Eames, Robert S"]
[Result "1/2-1/2"]
[WhiteElo "1936"]
[BlackElo "2148"]
[PlyCount "117"]
[EventDate "2024.07.27"]
[EventType "swiss"]
[EventRounds "9"]
[EventCountry "GBR"]
[SourceTitle "BritBase"]
[Source "John Saunders"]
[SourceDate "2025.02.20"]
[SourceVersion "1"]
[SourceVersionDate "2025.02.20"]
[SourceQuality "1"]

1. e4 c5 2. Nf3 Nf6 3. e5 Nd5 4. Nc3 e6 5. Ne4 f5 6. exf6 Nxf6 7. Nxf6+ Qxf6 8. d4 cxd4 9. Qxd4 Nc6 10. Qxf6 gxf6 11. c3 d5 12. Be3 e5 13. O-O-O Be6 14. Nh4 Be7 15. Bd3 d4 16. cxd4 Bxa2 17. Bb5 O-O 18. Bxc6 bxc6 19. Nf5 Bb4 20. Bh6 Rfd8 21. Rd3 Bc4 22. Rg3+ Kf7 23. Ne3 Rxd4 24. Rg7+ Ke6 25. Nc2 Rh4 26. Nxb4 Rxh6 27. Nxc6 Rg6 28. Rxg6 hxg6 29. Nb4 f5 30. Kd2 Rd8+ 31. Kc3 Rc8 32. Ra1 Bf1+ 33. Kd2 Bxg2 34. Ra6+ Kf7 35. Rxa7+ Kf6 36. h4 f4 37. Nd3 Rd8 38. Kc3 Rc8+ 39. Kd2 Be4 40. Ra6+ Kf5 41. Ra5 Bxd3 42. Kxd3 Rd8+ 43. Kc3 Rc8+ 44. Kd3 Rb8 45. Kc3 Ke4 46. b4 Rc8+ 47. Kd2 Kd4 48. Ra6 Rb8 49. Rxg6 Rxb4 50. h5 Rb2+ 51. Ke1 Ke4 52. Ra6 Kf3 53. Ra3+ Kg2 54. h6 e4 55. Ra8 Rb1+ 56. Ke2 Rb2+ 57. Ke1 Rb7 58. Ke2 Rb2+ 59. Ke1 1/2-1/2

[Event "GBR-ch110 Major Open"]
[Site "Hull"]
[Date "2024.08.01"]
[Round "6.8"]
[White "Sefton, Adam"]
[Black "Harborne, Matthew J"]
[Result "0-1"]
[WhiteElo "1908"]
[BlackElo "2103"]
[PlyCount "66"]
[EventDate "2024.07.27"]
[EventType "swiss"]
[EventRounds "9"]
[EventCountry "GBR"]
[SourceTitle "BritBase"]
[Source "John Saunders"]
[SourceDate "2025.02.20"]
[SourceVersion "1"]
[SourceVersionDate "2025.02.20"]
[SourceQuality "1"]

1. e4 c6 2. Nc3 d5 3. Nf3 Bg4 4. h3 Bxf3 5. Qxf3 e6 6. Be2 Bc5 7. Qg3 Bd4 8. O-O Nd7 9. exd5 exd5 10. Nd1 Be5 11. f4 Bd4+ 12. Kh1 Ne7 13. c3 Bb6 14. Ne3 d4 15. Nc4 Nf5 16. Qd3 g6 17. Bg4 Nc5 18. Qe2+ Qe7 19. Qxe7+ Kxe7 20. Bxf5 gxf5 21. b3 Ne4 22. Re1 d3 23. Ne3 Kf6 24. Bb2 Rhd8 25. g4 fxg4 26. Nxg4+ Kf5 27. Nh6+ Kxf4 28. Rf1+ Nf2+ 29. Kg2 Rg8+ 30. Nxg8 Rxg8+ 31. Kh2 Kf3 32. Rg1 Bc7+ 33. Rg3+ Rxg3 0-1

[Event "GBR-ch110 Major Open"]
[Site "Hull"]
[Date "2024.08.01"]
[Round "6.9"]
[White "Wills, Thomas"]
[Black "Shaw, Peter"]
[Result "1/2-1/2"]
[WhiteElo "1927"]
[BlackElo "2041"]
[PlyCount "37"]
[EventDate "2024.07.27"]
[EventType "swiss"]
[EventRounds "9"]
[EventCountry "GBR"]
[SourceTitle "BritBase"]
[Source "John Saunders"]
[SourceDate "2025.02.20"]
[SourceVersion "1"]
[SourceVersionDate "2025.02.20"]
[SourceQuality "1"]

1. e4 c6 2. Nc3 d5 3. Nf3 dxe4 4. Nxe4 Nf6 5. Qe2 Nxe4 6. Qxe4 Qd5 7. Qf4 Qf5 8. Qe3 Qe6 9. b3 Qxe3+ 10. fxe3 Bf5 11. Bb2 a5 12. d3 a4 13. a3 axb3 14. Nd4 Bg6 15. Nxb3 Nd7 16. a4 e5 17. g4 Bb4+ 18. Ke2 h5 19. g5 1/2-1/2

[Event "GBR-ch110 Major Open"]
[Site "Hull"]
[Date "2024.08.01"]
[Round "6.10"]
[White "Ashworth, Michael J"]
[Black "McCarthy, Damian M"]
[Result "1/2-1/2"]
[WhiteElo "2013"]
[BlackElo "1880"]
[PlyCount "90"]
[EventDate "2024.07.27"]
[EventType "swiss"]
[EventRounds "9"]
[EventCountry "GBR"]
[SourceTitle "BritBase"]
[Source "John Saunders"]
[SourceDate "2025.02.20"]
[SourceVersion "1"]
[SourceVersionDate "2025.02.20"]
[SourceQuality "1"]

1. d4 Nf6 2. c4 e6 3. Nc3 Bb4 4. Qc2 O-O 5. a3 Bxc3+ 6. Qxc3 b6 7. Bg5 Bb7 8. f3 h6 9. Bh4 d5 10. e3 Nbd7 11. cxd5 Nxd5 12. Bxd8 Nxc3 13. Bh4 Nd5 14. Bf2 c5 15. e4 Nf4 16. Be3 Ng6 17. dxc5 Nxc5 18. b4 Nd7 19. Bb5 Nde5 20. Nh3 Rac8 21. O-O Nc4 22. Bf2 Rfd8 23. Rfc1 Nd6 24. Be2 e5 25. Rxc8 Rxc8 26. Rd1 Rd8 27. Bc5 bxc5 28. bxc5 Bc8 29. cxd6 Bxh3 30. gxh3 Nf4 31. Bc4 Nxh3+ 32. Kf1 Nf4 33. Rd2 g5 34. Ke1 Kg7 35. Rb2 Rd7 36. a4 a5 37. Rb5 Rxd6 38. Rxe5 Nd3+ 39. Bxd3 Rxd3 40. Rxa5 Rxf3 41. h4 Re3+ 42. Kf2 Rxe4 43. hxg5 hxg5 44. Rxg5+ Kf6 45. Ra5 Rh4 1/2-1/2

[Event "GBR-ch110 Major Open"]
[Site "Hull"]
[Date "2024.08.01"]
[Round "6.11"]
[White "Vashisht-Pigem, Raman"]
[Black "Crawford, Owen"]
[Result "1/2-1/2"]
[WhiteElo "1863"]
[BlackElo "2010"]
[PlyCount "151"]
[EventDate "2024.07.27"]
[EventType "swiss"]
[EventRounds "9"]
[EventCountry "GBR"]
[SourceTitle "BritBase"]
[Source "John Saunders"]
[SourceDate "2025.02.20"]
[SourceVersion "1"]
[SourceVersionDate "2025.02.20"]
[SourceQuality "1"]

1. e4 e5 2. Nf3 Nc6 3. Bc4 Nf6 4. d3 Bc5 5. Nbd2 O-O 6. h3 d6 7. c3 a6 8. Bb3 Ba7 9. O-O h6 10. Re1 Be6 11. Nf1 Re8 12. Ng3 d5 13. Qe2 Qd7 14. Be3 d4 15. Bxe6 Rxe6 16. cxd4 Bxd4 17. Bxd4 Nxd4 18. Nxd4 Qxd4 19. Rac1 c6 20. Nf5 Qb6 21. Qe3 Qxe3 22. Rxe3 Rd8 23. a4 Kh7 24. b4 g6 25. Ng3 Red6 26. b5 cxb5 27. axb5 a5 28. Rc5 Rxd3 29. Rxd3 Rxd3 30. b6 Nd7 31. Rxa5 Rd6 32. Ne2 f6 33. Nc3 Nxb6 34. Rb5 Kg8 35. g3 Kf7 36. f4 exf4 37. gxf4 Ke8 38. e5 fxe5 39. fxe5 Re6 40. Ne4 Nd7 41. Nd6+ Ke7 42. Rxb7 Rxe5 43. Nc4 Re6 44. Ra7 Kd8 45. Ra8+ Kc7 46. Ra7+ Kc8 47. Ra8+ Kb7 48. Re8 Rxe8 49. Nd6+ Kc6 50. Nxe8 Kd5 51. Kg2 Ke5 52. Nc7 Nf6 53. Nb5 Kf4 54. Nd4 Kg5 55. Kg3 Ne4+ 56. Kf3 Nd6 57. Ne6+ Kh4 58. Kg2 Nc4 59. Nf4 Ne5 60. Kh2 Kg5 61. Ne6+ Kf5 62. Nd4+ Ke4 63. Ne6 Kf3 64. Nf8 Kf2 65. h4 g5 66. hxg5 hxg5 67. Ne6 g4 68. Nf4 Nf3+ 69. Kh1 g3 70. Nd3+ Kf1 71. Nf4 Nd2 72. Ng2 Kf2 73. Nf4 Kf1 74. Ng2 Ne4 75. Ne3+ Ke2 76. Nf5 1/2-1/2

[Event "GBR-ch110 Major Open"]
[Site "Hull"]
[Date "2024.08.01"]
[Round "6.12"]
[White "Vaidyanathan, Adithya"]
[Black "Cheng, Louis"]
[Result "1-0"]
[WhiteElo "1985"]
[BlackElo "1876"]
[PlyCount "65"]
[EventDate "2024.07.27"]
[EventType "swiss"]
[EventRounds "9"]
[EventCountry "GBR"]
[SourceTitle "BritBase"]
[Source "John Saunders"]
[SourceDate "2025.02.20"]
[SourceVersion "1"]
[SourceVersionDate "2025.02.20"]
[SourceQuality "1"]

1. Nf3 Nf6 2. d4 g6 3. c4 Bg7 4. Nc3 d5 5. cxd5 Nxd5 6. e4 Nxc3 7. bxc3 c5 8. Be3 O-O 9. Be2 Bg4 10. O-O Nc6 11. d5 Na5 12. Rc1 c4 13. Bd4 Bh6 14. Rb1 b6 15. Nd2 Bxe2 16. Qxe2 Rc8 17. f4 Qd7 18. Qf2 Qa4 19. Qh4 Bg7 20. Bxg7 Kxg7 21. Qxe7 Qxa2 22. Qe5+ Kg8 23. Qd4 Qa3 24. Rb4 Rfd8 25. Nxc4 Qa2 26. Ne5 Qa3 27. Rf3 Qc1+ 28. Kf2 Qc2+ 29. Kg3 Nb3 30. Rxb3 Qxb3 31. Ng4 h5 32. Nh6+ Kf8 33. Qf6 1-0

[Event "GBR-ch110 Major Open"]
[Site "Hull"]
[Date "2024.08.01"]
[Round "6.13"]
[White "Vaddhireddy, Sai"]
[Black "Pert, Nina P"]
[Result "0-1"]
[WhiteElo "1724"]
[BlackElo "1966"]
[PlyCount "52"]
[EventDate "2024.07.27"]
[EventType "swiss"]
[EventRounds "9"]
[EventCountry "GBR"]
[SourceTitle "BritBase"]
[Source "John Saunders"]
[SourceDate "2025.02.20"]
[SourceVersion "1"]
[SourceVersionDate "2025.02.20"]
[SourceQuality "1"]

1. d4 e6 2. c4 f5 3. a3 Nf6 4. Nc3 Be7 5. Nf3 O-O 6. Qc2 b6 7. g3 Bb7 8. Bg2 c5 9. d5 Na6 10. O-O Nc7 11. Rd1 d6 12. dxe6 Nfe8 13. Nd5 Nxd5 14. cxd5 Nc7 15. h4 h6 16. e4 fxe4 17. Qxe4 Rf6 18. Bf1 Rxe6 19. Qg4 Rf6 20. b3 Bc8 21. Qe4 Bf5 22. Qe3 Rf8 23. Bb2 Bf6 24. Bxf6 Qxf6 25. Ne1 Bg4 26. Rd2 Qxa1 0-1

[Event "GBR-ch110 Major Open"]
[Site "Hull"]
[Date "2024.08.01"]
[Round "6.14"]
[White "Nelson, Jonathan P"]
[Black "Pelling, Kyle"]
[Result "1/2-1/2"]
[WhiteElo "2143"]
[BlackElo "1911"]
[PlyCount "34"]
[EventDate "2024.07.27"]
[EventType "swiss"]
[EventRounds "9"]
[EventCountry "GBR"]
[SourceTitle "BritBase"]
[Source "John Saunders"]
[SourceDate "2025.02.20"]
[SourceVersion "1"]
[SourceVersionDate "2025.02.20"]
[SourceQuality "1"]

1. e4 g6 2. d4 Bg7 3. Nf3 c5 4. dxc5 Qa5+ 5. c3 Qxc5 6. Na3 d6 7. Nb5 a6 8. Be3 Qc6 9. Na7 Qc7 10. Nxc8 Qxc8 11. Bd3 Nf6 12. O-O Nbd7 13. Re1 O-O 14. Bc2 Rd8 15. Qd2 Qc7 16. Bh6 Rac8 17. Bxg7 Kxg7 1/2-1/2

[Event "GBR-ch110 Major Open"]
[Site "Hull"]
[Date "2024.08.01"]
[Round "6.15"]
[White "Stoica, Savas Marin"]
[Black "Leung, Hao Ran"]
[Result "1-0"]
[WhiteElo "2107"]
[BlackElo "1910"]
[PlyCount "77"]
[EventDate "2024.07.27"]
[EventType "swiss"]
[EventRounds "9"]
[EventCountry "GBR"]
[SourceTitle "BritBase"]
[Source "John Saunders"]
[SourceDate "2025.02.20"]
[SourceVersion "1"]
[SourceVersionDate "2025.02.20"]
[SourceQuality "1"]

1. d4 Nf6 2. c4 e6 3. Nf3 d5 4. g3 Be7 5. Bg2 O-O 6. Nc3 dxc4 7. Ne5 Nc6 8. Bxc6 bxc6 9. Nxc6 Qe8 10. Nxe7+ Qxe7 11. Qa4 Bb7 12. f3 e5 13. dxe5 Qxe5 14. Qb5 Qxb5 15. Nxb5 Nd5 16. Kf2 Ba6 17. Rd1 c6 18. Nc3 Nxc3 19. bxc3 Rfd8 20. Rxd8+ Rxd8 21. Be3 Ra8 22. Rd1 Bb5 23. Bxa7 h5 24. Rd7 Ba4 25. e4 c5 26. Rb7 Be8 27. a3 Kh7 28. Bxc5 Rd8 29. Bd4 Ra8 30. Re7 Kg8 31. Ke3 Rb8 32. Ra7 Bc6 33. a4 Rb2 34. Ra6 Bd7 35. a5 Rxh2 36. Rd6 Bb5 37. Rb6 Bd7 38. a6 Ra2 39. a7 1-0

[Event "GBR-ch110 Major Open"]
[Site "Hull"]
[Date "2024.08.01"]
[Round "6.16"]
[White "Patel, Zain"]
[Black "Chan, Sheng Liang Bernard"]
[Result "0-1"]
[WhiteElo "1958"]
[BlackElo "2096"]
[PlyCount "136"]
[EventDate "2024.07.27"]
[EventType "swiss"]
[EventRounds "9"]
[EventCountry "GBR"]
[SourceTitle "BritBase"]
[Source "John Saunders"]
[SourceDate "2025.02.20"]
[SourceVersion "1"]
[SourceVersionDate "2025.02.20"]
[SourceQuality "1"]

1. Nf3 d5 2. d4 Nf6 3. e3 c5 4. Nbd2 cxd4 5. exd4 Qc7 6. Bb5+ Bd7 7. Bxd7+ Nbxd7 8. O-O e6 9. c3 Bd6 10. Re1 O-O 11. Qe2 Rab8 12. a4 a6 13. a5 Rbc8 14. Ne5 Nb8 15. Ndf3 Ne4 16. Nd2 Bxe5 17. dxe5 Nxd2 18. Bxd2 Qc4 19. Qf3 Qb3 20. Qg4 Rc4 21. Qg3 Kh8 22. Qd3 Nc6 23. Re3 Ne7 24. Rh3 Ng6 25. Bg5 Re4 26. Qf3 Qxb2 27. Rf1 Qe2 28. Qxe2 Rxe2 29. Rb1 Nxe5 30. Re3 Rxe3 31. Bxe3 Nc6 32. Rxb7 Rb8 33. Rb6 Rxb6 34. axb6 Nd8 35. Kf1 Kg8 36. Bc5 Nb7 37. Ba3 f6 38. Ke2 Kf7 39. Kd3 Ke8 40. c4 dxc4+ 41. Kxc4 Kd7 42. h4 Kc6 43. Bf8 g6 44. Bg7 Nd6+ 45. Kb4 Kxb6 46. Bxf6 a5+ 47. Ka4 Ka6 48. g4 Nc4 49. h5 Nb6+ 50. Ka3 Kb5 51. hxg6 hxg6 52. Bc3 Nd5 53. Bd2 Nf6 54. f3 Nd5 55. Be1 Kc4 56. Bd2 Kd3 57. Bh6 Ne3 58. Ka4 Ke2 59. Kxa5 Kxf3 60. g5 e5 61. Kb4 e4 62. Kc3 Ng2 63. Kd4 e3 64. Bf8 e2 65. Bb4 e1=Q 66. Bxe1 Nxe1 67. Ke5 Kg4 68. Kf6 Kh5 0-1

[Event "GBR-ch110 Major Open"]
[Site "Hull"]
[Date "2024.08.01"]
[Round "6.17"]
[White "Pousada Garcia, Daniel"]
[Black "Metcalfe, Charlie P"]
[Result "0-1"]
[WhiteElo "2084"]
[BlackElo "1898"]
[PlyCount "114"]
[EventDate "2024.07.27"]
[EventType "swiss"]
[EventRounds "9"]
[EventCountry "GBR"]
[SourceTitle "BritBase"]
[Source "John Saunders"]
[SourceDate "2025.02.20"]
[SourceVersion "1"]
[SourceVersionDate "2025.02.20"]
[SourceQuality "1"]

1. e4 e6 2. d4 d5 3. Nc3 Nf6 4. e5 Nfd7 5. f4 c5 6. Nf3 Nc6 7. Be3 a6 8. Qd2 b5 9. Ne2 Qb6 10. c3 b4 11. Rc1 Bb7 12. g3 bxc3 13. Nxc3 cxd4 14. Nxd4 Nxd4 15. Bxd4 Qb4 16. a3 Qb3 17. Be2 Bc5 18. O-O Rc8 19. Rf3 Qb6 20. Rd1 Bxd4+ 21. Qxd4 Qxd4+ 22. Rxd4 Nc5 23. Na4 Ne4 24. Rb3 Bc6 25. Nc3 Nc5 26. Rb6 Bb7 27. Rdb4 a5 28. Rd4 O-O 29. Na4 Ba8 30. Ba6 Nxa4 31. Rxa4 Rc1+ 32. Bf1 Bc6 33. Rxa5 d4 34. Raa6 d3 35. Rxc6 d2 36. Rd6 d1=Q 37. Rxd1 Rxd1 38. b4 Rc8 39. b5 g6 40. b6 Rb1 41. a4 Rcc1 42. a5 Rxf1+ 43. Kg2 Rg1+ 44. Kf2 Rgc1 45. Ke3 Rb4 46. Ra7 Rcb1 47. Rc7 Kg7 48. Kd3 Rb5 49. Ra7 Kf8 50. Kd4 Ke8 51. g4 Kd8 52. g5 R1b4+ 53. Ke3 Ra4 54. b7 Kc7 55. a6 Rb3+ 56. Kd2 Ra2+ 57. Kc1 Rf3 0-1

[Event "GBR-ch110 Major Open"]
[Site "Hull"]
[Date "2024.08.01"]
[Round "6.18"]
[White "Welling, Zac"]
[Black "Angst, Oliver"]
[Result "1/2-1/2"]
[WhiteElo "1887"]
[BlackElo "2068"]
[PlyCount "83"]
[EventDate "2024.07.27"]
[EventType "swiss"]
[EventRounds "9"]
[EventCountry "GBR"]
[SourceTitle "BritBase"]
[Source "John Saunders"]
[SourceDate "2025.02.20"]
[SourceVersion "1"]
[SourceVersionDate "2025.02.20"]
[SourceQuality "1"]

1. e4 c5 2. Nf3 Nc6 3. Bb5 Nf6 4. d3 h5 5. Bxc6 bxc6 6. h3 g6 7. b3 Bg7 8. Bb2 Qb6 9. Nbd2 O-O 10. O-O Qc7 11. Re1 Re8 12. Nc4 Ba6 13. Qe2 d5 14. Be5 Qd8 15. Ncd2 Nh7 16. Bxg7 Kxg7 17. Qe3 Qb6 18. c4 Rad8 19. Ng5 Nxg5 20. Qxg5 dxc4 21. dxc4 Rd3 22. e5 f6 23. exf6+ exf6 24. Qf4 Re5 25. Re2 Rxe2 26. Rd1 Re1+ 27. Rxe1 Qd8 28. Ne4 Rd1 29. Rxd1 Qd5 30. Rd2 Qxd2 31. Kh2 Qd4 32. Qc7+ Kh6 33. Qf4+ Kg7 34. Qc7+ Kh6 35. Qxc6 f5 36. Qxa6 Qxe4 37. Qd6 h4 38. a4 a5 39. f4 Qe3 40. Qf8+ Kh7 41. Qf7+ Kh6 42. Qf8+ 1/2-1/2

[Event "GBR-ch110 Major Open"]
[Site "Hull"]
[Date "2024.08.01"]
[Round "6.19"]
[White "Kueh, Audrey"]
[Black "Borissow, Magnus"]
[Result "1-0"]
[WhiteElo "2058"]
[BlackElo "1906"]
[PlyCount "53"]
[EventDate "2024.07.27"]
[EventType "swiss"]
[EventRounds "9"]
[EventCountry "GBR"]
[SourceTitle "BritBase"]
[Source "John Saunders"]
[SourceDate "2025.02.20"]
[SourceVersion "1"]
[SourceVersionDate "2025.02.20"]
[SourceQuality "1"]

1. e4 c5 2. Nf3 d6 3. Bb5+ Nd7 4. a4 Ngf6 5. Nc3 g6 6. a5 a6 7. Bc4 Bg7 8. Bxf7+ Kxf7 9. Ng5+ Kg8 10. Ne6 Qe8 11. Nc7 Qd8 12. Nxa8 h5 13. h3 h4 14. d3 b5 15. axb6 Bb7 16. Nc7 Nxb6 17. Ne6 Qd7 18. Nxg7 Kxg7 19. O-O Rh5 20. Qe2 g5 21. f4 gxf4 22. Bxf4 e5 23. Bd2 Qe8 24. Rf2 Nbd7 25. Raf1 Qg6 26. Rf5 Kh8 27. Rxf6 1-0

[Event "GBR-ch110 Major Open"]
[Site "Hull"]
[Date "2024.08.01"]
[Round "6.20"]
[White "Howell, Oliver W"]
[Black "Cancedda-Dupuis, Livio"]
[Result "1-0"]
[WhiteElo "1910"]
[BlackElo "2041"]
[PlyCount "65"]
[EventDate "2024.07.27"]
[EventType "swiss"]
[EventRounds "9"]
[EventCountry "GBR"]
[SourceTitle "BritBase"]
[Source "John Saunders"]
[SourceDate "2025.02.20"]
[SourceVersion "1"]
[SourceVersionDate "2025.02.20"]
[SourceQuality "1"]

1. Nf3 Nf6 2. c4 e6 3. g3 b6 4. Bg2 Bb7 5. O-O Be7 6. b3 O-O 7. Bb2 d5 8. e3 Nbd7 9. d4 Rc8 10. Nc3 Ba6 11. Ne5 Nxe5 12. dxe5 Nd7 13. Nb5 c6 14. Nd4 Nxe5 15. Nxe6 fxe6 16. Bxe5 Bf6 17. Qg4 Qe7 18. Bxf6 Qxf6 19. a4 dxc4 20. bxc4 Qf5 21. Qxf5 Rxf5 22. Bh3 Re5 23. Rfc1 Kf7 24. Ra3 Ra5 25. Rd3 Ke7 26. Rcd1 Rc7 27. Rd4 Rxa4 28. Re4 Bxc4 29. Bxe6 Bb3 30. Bc4+ Kf6 31. Rd6+ Kg5 32. Re5+ Kg4 33. Rd4+ 1-0

[Event "GBR-ch110 Major Open"]
[Site "Hull"]
[Date "2024.08.01"]
[Round "6.21"]
[White "Honey, Luke"]
[Black "Garnett, John S"]
[Result "1-0"]
[WhiteElo "2041"]
[BlackElo "1879"]
[PlyCount "113"]
[EventDate "2024.07.27"]
[EventType "swiss"]
[EventRounds "9"]
[EventCountry "GBR"]
[SourceTitle "BritBase"]
[Source "John Saunders"]
[SourceDate "2025.02.20"]
[SourceVersion "1"]
[SourceVersionDate "2025.02.20"]
[SourceQuality "1"]

1. Nf3 Nf6 2. g3 c5 3. Bg2 d5 4. O-O Nc6 5. d4 e6 6. c4 cxd4 7. Nxd4 Bc5 8. Nb3 Bb6 9. cxd5 Nxd5 10. a3 O-O 11. Qc2 Bd7 12. Bd2 Rc8 13. Nc3 Nd4 14. Nxd4 Bxd4 15. Qd3 Bxc3 16. bxc3 Bc6 17. c4 Nf6 18. Bb4 Qxd3 19. exd3 Bxg2 20. Kxg2 Rfd8 21. Rfd1 Rd7 22. Rd2 Ne8 23. Rb1 b6 24. Kf3 Nc7 25. Ke3 e5 26. d4 exd4+ 27. Rxd4 Re8+ 28. Re4 Rxe4+ 29. Kxe4 f6 30. c5 bxc5 31. Bxc5 Ne6 32. Be3 Kf7 33. h4 h5 34. Rb5 g6 35. Ra5 f5+ 36. Ke5 Nd8 37. Ra6 Re7+ 38. Kd5 Rd7+ 39. Rd6 Rxd6+ 40. Kxd6 a6 41. Kc7 Ne6+ 42. Kb6 g5 43. Bxg5 Nxg5 44. hxg5 f4 45. Kxa6 Kg6 46. Kb5 Kxg5 47. a4 fxg3 48. fxg3 Kg4 49. a5 Kxg3 50. a6 h4 51. a7 h3 52. a8=Q Kh2 53. Qa2+ Kg1 54. Qb1+ Kg2 55. Qe4+ Kg1 56. Qg4+ Kh2 57. Kc4 1-0

[Event "GBR-ch110 Major Open"]
[Site "Hull"]
[Date "2024.08.01"]
[Round "6.22"]
[White "Sheikh, Anum"]
[Black "Adams, Henry"]
[Result "0-1"]
[WhiteElo "1862"]
[BlackElo "2000"]
[PlyCount "72"]
[EventDate "2024.07.27"]
[EventType "swiss"]
[EventRounds "9"]
[EventCountry "GBR"]
[SourceTitle "BritBase"]
[Source "John Saunders"]
[SourceDate "2025.02.20"]
[SourceVersion "1"]
[SourceVersionDate "2025.02.20"]
[SourceQuality "1"]

1. e4 e5 2. Nf3 Nc6 3. d4 exd4 4. Nxd4 Bc5 5. Be3 Qf6 6. Nb5 Bxe3 7. fxe3 Kd8 8. N1c3 Nge7 9. Qd2 a6 10. Nd4 d6 11. O-O-O Bg4 12. Be2 Bxe2 13. Qxe2 Qg6 14. Rhf1 Ne5 15. h3 Kd7 16. Nf5 Rae8 17. Nd5 Nxd5 18. exd5 Kc8 19. Rd4 h5 20. Qf2 Nd7 21. Kb1 f6 22. a3 Re5 23. Qf3 Qf7 24. Rc4 Kb8 25. e4 Rhe8 26. h4 Nc5 27. Ng3 Qg6 28. Qc3 b5 29. Rd4 Nxe4 30. Nxe4 Rxe4 31. Rxe4 Qxe4 32. Qc6 Re5 33. Rd1 Qe2 34. Rd3 Qxg2 35. Rc3 Qh1+ 36. Ka2 Qxd5+ 0-1

[Event "GBR-ch110 Major Open"]
[Site "Hull"]
[Date "2024.08.01"]
[Round "6.23"]
[White "Lee, Alexandre Km"]
[Black "Kovalskyi, Roman"]
[Result "1-0"]
[WhiteElo "1858"]
[BlackElo "1989"]
[PlyCount "89"]
[EventDate "2024.07.27"]
[EventType "swiss"]
[EventRounds "9"]
[EventCountry "GBR"]
[SourceTitle "BritBase"]
[Source "John Saunders"]
[SourceDate "2025.02.20"]
[SourceVersion "1"]
[SourceVersionDate "2025.02.20"]
[SourceQuality "1"]

1. e4 c5 2. Nf3 Nc6 3. d4 cxd4 4. Nxd4 g6 5. Nc3 Bg7 6. Be3 Nf6 7. Nxc6 bxc6 8. e5 Ng8 9. f4 Nh6 10. Qf3 d5 11. h3 O-O 12. O-O-O f6 13. Bc4 e6 14. exf6 Qxf6 15. Bb3 Nf5 16. Bc5 Rf7 17. Qf2 Bh6 18. Kb1 a5 19. Rhe1 Bg7 20. a4 Ba6 21. g4 Ne7 22. Qe3 Bc8 23. Qd2 Bd7 24. Qh2 Nc8 25. Rf1 Be8 26. Qg3 Rb7 27. h4 Nb6 28. Bd4 Qd8 29. Bxg7 Rxg7 30. Ne4 Qe7 31. Qe3 Rb8 32. Nc5 Bd7 33. Rde1 Qxh4 34. Nxd7 Nxd7 35. Qxe6+ Kh8 36. Qxc6 Qxg4 37. Qxd5 Rf8 38. Qd4 Nf6 39. Qxf6 Qc8 40. Qd4 Qa6 41. Bc4 Qb7 42. f5 gxf5 43. Rxf5 Qb4 44. Rxf8+ Qxf8 45. Rg1 1-0

[Event "GBR-ch110 Major Open"]
[Site "Hull"]
[Date "2024.08.01"]
[Round "6.25"]
[White "May, Paul"]
[Black "Usifoh, Kristian C"]
[Result "0-1"]
[WhiteElo "1827"]
[BlackElo "1963"]
[PlyCount "76"]
[EventDate "2024.07.27"]
[EventType "swiss"]
[EventRounds "9"]
[EventCountry "GBR"]
[SourceTitle "BritBase"]
[Source "John Saunders"]
[SourceDate "2025.02.20"]
[SourceVersion "1"]
[SourceVersionDate "2025.02.20"]
[SourceQuality "1"]

1. d4 Nf6 2. c4 e6 3. Nc3 Bb4 4. f3 d5 5. a3 Bxc3+ 6. bxc3 b6 7. cxd5 exd5 8. e3 O-O 9. Bd3 c5 10. Ne2 Re8 11. Ng3 Qc7 12. Bd2 Ba6 13. Qc2 Bxd3 14. Qxd3 c4 15. Qf5 Nc6 16. Nh5 Nxh5 17. Qxh5 Rad8 18. Kf2 Re6 19. Qf5 Na5 20. h4 Nb3 21. Ra2 Nxd2 22. Rxd2 Qe7 23. Qg5 f6 24. Qf4 Qxa3 25. Rc2 Qb3 26. Rhc1 Rde8 27. Re2 a5 28. Qf5 Qb5 29. Rb1 Qc6 30. h5 b5 31. g4 b4 32. cxb4 axb4 33. Rxb4 Qd6 34. Rb7 Qh2+ 35. Ke1 Rxe3 36. Qxd5+ Kh8 37. Rxe3 Rxe3+ 38. Kd1 Qg1+ 0-1

[Event "GBR-ch110 Major Open"]
[Site "Hull"]
[Date "2024.08.01"]
[Round "6.26"]
[White "Kirupakaran, Vishnu"]
[Black "Britton, Richard"]
[Result "1-0"]
[WhiteElo "1852"]
[BlackElo "2112"]
[PlyCount "73"]
[EventDate "2024.07.27"]
[EventType "swiss"]
[EventRounds "9"]
[EventCountry "GBR"]
[SourceTitle "BritBase"]
[Source "John Saunders"]
[SourceDate "2025.02.20"]
[SourceVersion "1"]
[SourceVersionDate "2025.02.20"]
[SourceQuality "1"]

1. e4 c5 2. Nc3 Nc6 3. Nge2 Nf6 4. d4 cxd4 5. Nxd4 e5 6. Ndb5 d6 7. Bg5 a6 8. Na3 b5 9. Nd5 Be7 10. Bxf6 Bxf6 11. c3 Bg5 12. Nc2 Bb7 13. a4 bxa4 14. Rxa4 a5 15. Bc4 O-O 16. O-O Ne7 17. Qd3 Nxd5 18. Bxd5 Qb6 19. Rb1 Rfc8 20. b4 Bxd5 21. Qxd5 Qc7 22. bxa5 Qxc3 23. Rb7 Rf8 24. Rxf7 Rxf7 25. Qxa8+ Rf8 26. Qd5+ Kh8 27. Rc4 Qb2 28. g3 Be3 29. Qf7 Qb8 30. Qxf8+ Qxf8 31. Nxe3 Qa8 32. Nd5 h6 33. Ra4 Qc6 34. Ra1 Qb5 35. a6 Qb2 36. Ra4 Qb5 37. Nc3 1-0

[Event "GBR-ch110 Major Open"]
[Site "Hull"]
[Date "2024.08.01"]
[Round "6.27"]
[White "Zhao, George"]
[Black "Lewis, Christopher D"]
[Result "1-0"]
[WhiteElo "2034"]
[BlackElo "1885"]
[PlyCount "53"]
[EventDate "2024.07.27"]
[EventType "swiss"]
[EventRounds "9"]
[EventCountry "GBR"]
[SourceTitle "BritBase"]
[Source "John Saunders"]
[SourceDate "2025.02.20"]
[SourceVersion "1"]
[SourceVersionDate "2025.02.20"]
[SourceQuality "1"]

1. d4 d5 2. Nf3 Nf6 3. c4 e6 4. g3 Be7 5. Bg2 O-O 6. O-O c6 7. b3 b6 8. Bb2 Bb7 9. Nc3 Na6 10. Rc1 dxc4 11. bxc4 c5 12. e3 Nb4 13. a3 Nc6 14. Ne5 Qc8 15. Nxc6 Bxc6 16. d5 exd5 17. Nxd5 Nxd5 18. cxd5 Rd8 19. Qh5 Bb7 20. Rfd1 Rd6 21. Bxg7 Kxg7 22. Qe5+ Rf6 23. Qxe7 Rb8 24. Rc4 Qf5 25. Rf4 Qg6 26. Be4 Qh6 27. Rh4 1-0